The world in arms : AD 1900-1925

Language:English
Published: New York: Time Life Asia, 1990.
Series:Time-Life illustrated history of the world
Subjects:
LEADER 00979cam a2200265 7i4500
001 0000026073
005 20180308090000.0
008 180308s1990 nyu a x 0 eng
020 0 0 |a 0705409872  
040 |b eng  |c UMT  |e rda 
090 0 0 |a D 208   |b .T5 1990 
245 0 4 |a The world in arms :   |b AD 1900-1925   |c by the editors of Time-Life Books.. 
264 4 |c ♭ 1990. 
264 1 |a New York:   |b Time Life Asia,   |c 1990. 
300 |a 176 pages:   |b illustration (some col.);   |c 28 cm.. 
336 |a text  |2 rdacontent<U+0009> 
337 |a unmediated  |2 rdamedia<U+0009><U+0009> 
338 |a volume  |2 rdacarrier<U+0009> 
490 0 0 |a Time-Life illustrated history of the world 
504 0 0 |a Includes bibliographical references and index 
590 |a Pusat Pendidikan Asas dan Liberal 
650 0 0 |a Military history, Modern --   |y 20th century.  
650 0 0 |a Revolutions --   |x History --   |y 20th century.  
650 0 0 |a History, Modern.  
999 |a 1100005843  |b Book  |c Rujukan  |e KOLEKSI RUJUKAN